Glossari de termes en matèria d'igualtat entre dones i homes (Registre núm. 69009)
[ vista simple ]
| 000 -LEADER | |
|---|---|
| campo de control de longitud fija | 00705amm a2200205 4500 |
| 005 - FECHA Y HORA DE LA ÚLTIMA TRANSACCIÓN | |
| campo de control | 20240709122252.0 |
| 007 - CAMPO FIJO DE DESCRIPCIÓN FÍSICA--INFORMACIÓN GENERAL | |
| campo de control de longitud fija | cr ||||||||||a |
| 008 - DATOS DE LONGITUD FIJA--INFORMACIÓN GENERAL | |
| campo de control de longitud fija | 240709s2024 o d cat d |
| 041 ## - CÓDIGO DE IDIOMA | |
| Código de lengua del texto/banda sonora o título independiente | cat |
| 245 ## - MENCIÓN DEL TÍTULO | |
| Título | Glossari de termes en matèria d'igualtat entre dones i homes |
| Medio | [en línia] |
| Mención de responsabilidad, etc. | Consell de Mallorca. IMAS |
| 260 ## - PUBLICACIÓN, DISTRIBUCIÓN, ETC. | |
| Lugar de publicación, distribución, etc. | [Palma] |
| Nombre del editor, distribuidor, etc. | Consell de Mallorca. Departament de Drets Socials. IMAS |
| Fecha de publicación, distribución, etc. | 2023 |
| 300 ## - DESCRIPCIÓN FÍSICA | |
| Extensión | 35 p. |
| Otras características físicas | 1 document PDF |
| 520 ## - RESUMEN, ETC. | |
| Nombre de termes | aprox. 140 |
| 546 ## - NOTA DE IDIOMA | |
| Llengua de les definicions | català |
| 592 ## - Tipus obra | |
| Tipus d'obra | Obra terminològica |
| 593 ## - Codi CGAT | |
| Codi de la CGAT | OL |
| 650 #0 - PUNTO DE ACCESO ADICIONAL DE MATERIA--TÉRMINO DE MATERIA | |
| Término de materia o nombre geográfico como elemento de entrada | igualtat de gènere |
| 9 (RLIN) | 75334 |
| 856 ## - LOCALIZACIÓN Y ACCESO ELECTRÓNICOS | |
| Identificador Uniforme de Recursos | <a href="https://www.imasmallorca.net/wp-content/uploads/2023/04/glossariTermesIgualtatcat.pdf">https://www.imasmallorca.net/wp-content/uploads/2023/04/glossariTermesIgualtatcat.pdf</a> |
| 942 ## - ELEMENTOS DE ENTRADA SECUNDARIOS (KOHA) | |
| Tipo de ítem Koha | Monografia |
| Fuente del sistema de clasificación o colocación | Clasificación Decimal Dewey |
| Suprimir en OPAC | No |
| Estatus retirado | Estado de pérdida | Estado de daño | No para préstamo | Biblioteca de origen | Biblioteca actual | Fecha de adquisición | Total de préstamos | Signatura topográfica completa | Visto por última vez | Identificador Uniforme de Recursos | Precio de reemplazo | Tipo de ítem Koha |
|---|---|---|---|---|---|---|---|---|---|---|---|---|
| TERMCAT | Termcat | 09/07/2024 | Biblioteca electrònica | 09/07/2024 | https://www.imasmallorca.net/wp-content/uploads/2023/04/glossariTermesIgualtatcat.pdf | 09/07/2024 | MO |